Missing Word: Films Adapted from Literature (2013) Quiz Stats

 Plays Quiz Updated Dec 31, 2013

Support Sporcle.
Go Orange.
Score 0/18 Timer 03:00
0 Plays Today
Film Missing Word % Correct
Much Ado About _____Nothing
92%
The Great _____Gatsby
89.2%
_____ War ZWorld
88.1%
Oz the _____ and PowerfulGreat
84.8%
Ender's _____Game
81.4%
The Hunger Games: _____ FireCatching
80.4%
The _____ Life of Walter MittySecret
77%
Percy _____: Sea of MonstersJackson
69.8%
Mandela: _____ Walk to FreedomLong
65%
Film Missing Word % Correct
The Hobbit: The _____ of SmaugDesolation
60.8%
The _____ ThiefBook
56.5%
Labor _____Day
45.2%
_____ CreaturesBeautiful
37.2%
The Mortal Instruments: City of _____Bones
29.5%
Lone _____Survivor
14.1%
The _____ FundamentalistReluctant
8.6%
_____ EyesTiger
8.1%
Journey to the West: _____ the DemonsConquering
3.3%

Today's Daily Dose

Quick Pick
'P' Beverages

Get the Picture
Fictional Counts

You're not logged in!

Compare scores with friends on all Sporcle quizzes.
OR
Log In

From the Vault

Top 25 Grossing Franchises

by sultanofswing

Some of these movies really didn't need a sequel.
Remove Ads.
Support Sporcle.
Get the best of Sporcle when you Go Orange. This ad-free experience offers more features, more stats, and more fun while also helping to support Sporcle. Thank you for becoming a member.

Show Comments

Extras

Top Quizzes Today


Score Distribution

Your Account Isn't Verified!

In order to create a playlist on Sporcle, you need to verify the email address you used during registration. Go to your Sporcle Settings to finish the process.

Report this User

Report this user for behavior that violates our Community Guidelines.

Details: